00354nam a2200169Ia 4500003000400000005001700004008004100021040000700062041000800069082001300077100002200090245001700112260001400129300000800143650001400151700001900165OSt20260204130346.0250729s1900 xx 000 0 und d cAL aeng a301 FERK aFernandes Praveen aKaadu gollas aMangalore a36p aSociology aFeo Digumurthi